000 00831nam a22002417a 4500
999 _c6968
_d6968
003 AR-CdUCM
008 190319b ||||| |||| 00| 0 spa d
040 _aMUNICIPALIDAD PROVINCIAL DEL CUSCO
_cBIBLIOTECA MUNICIPAL DEL CUSCO
082 _a330.985 /
_bOR73
245 _aRealidad nacional /
260 _aLima :
_bRetablo de Papel Ediciones,
_c1974.
300 _a2 tomos ;
_c17 cm.
505 _aContenido : t.1: El mundo indigena -- Historia y sociedad -- t.2: La cultura peruana -- La versión literaria.
650 _aIndígenas del Perú.
_95715
650 _aCultura
_9126
650 _aHistoria
_9136
650 _aSociedad
_953
650 _aCondiciones sociales
_91132
650 _aEnsayos, conferencias, etc.
_919647
700 _aOrtega, Julio (selección y notas)
_916754
942 _2ddc
_cLIBROS
945 _azta